| 000 | 01100nam a2200313 i 4500 | ||
|---|---|---|---|
| 001 | 70169 | ||
| 003 | Mx-PuUPA | ||
| 005 | 20230617104912.0 | ||
| 008 | 230616s2021 mx a gr 000 0 spa d | ||
| 020 | _a9786079894337 | ||
| 040 |
_aMx-PuUPA _bspa _cMx-PuUPA _dMx-PuUPA _erda |
||
| 041 | 0 | _aspa | |
| 100 | 1 |
_aLinares, Juan P., _914332 _eautor |
|
| 245 | 1 | 0 |
_aEmpresas talentosas : _bintegración de la diversidad generacional / _cJuan P. Linares |
| 250 |
_aPrimera edición / _bnoviembre |
||
| 264 | 1 |
_a[México?] : _bSER Editorial, _c©2021 |
|
| 300 |
_a125 páginas : _bilustraciones ; _c22 cm |
||
| 336 |
_2rdacontent _atexto _btxt |
||
| 337 |
_2rdamedia _asin medio _bn |
||
| 338 |
_2rdacarrier _avolumen _bnc |
||
| 650 | 7 |
_2armarc _aLiderazgo |
|
| 650 | 7 |
_2armarc _aAptitud de mando |
|
| 650 | 7 |
_2armarc _aAptitud creadora en los negocios |
|
| 942 |
_2ddc _cLI _h658.4092 _iL735 |
||
| 999 |
_c70169 _d70169 |
||